Příručka akupresury k okamžité pomoci pro všední den

Bibliographic Details
Main Author: Blate, Michael, 1938- (Author)
Other Authors: Helešicová, Zuzana (Translator)
Format: Book
Language:Slovak
Czech
German
PhysicalDescription:226 s. ilustr. 21 cm
Published: Bratislava Eugenika 2009
ISBN:9788081001130
Edition:1. vyd.
Subjects:

MARC

LEADER 00000cam a2200000 a 4500
001 vtls009846404
003 SK-MaSNL
005 20260302080954.0
008 240315s2009 xo a g 000 0 slo
015 |a SNBA2009/09-04906 
020 |a 9788081001130  |q (brož.) 
035 |a (SVKBBclas03)vtls000312697 
040 |a SNK  |b slo  |c SNK  |e AACR2 
041 1 |a cze  |h ger 
044 |a xo  |c SK 
072 7 |a 615.8  |x Fyzioterapia. Psychoterapia. Alternatívna medicína  |2 konspekt 
080 |a 615.814  |2 2001 
080 |a (035)  |2 2001 
100 1 |a Blate, Michael,  |d 1938-  |4 aut  |9 745916 
240 1 4 |a Das Akupressur Handbuch  |l Česky 
245 1 0 |a Příručka akupresury k okamžité pomoci pro všední den  |c Michael Blate ; [z německého originálu přeložila Zuzana Helešicová] 
250 |a 1. vyd. 
260 |a Bratislava  |b Eugenika  |c 2009 
300 |a 226 s.  |b ilustr.  |c 21 cm 
650 0 7 |a akupresúra  |2 SNKPH  |9 2622 
650 0 7 |a Acupressure  |2 SNKPHeng  |9 336962 
655 7 |a príručky  |2 SNKPH  |9 74364 
655 7 |a Handbooks, manuals, etc.  |2 SNKPHeng  |9 90964 
700 1 |a Helešicová, Zuzana  |4 trl  |9 69289 
919 |a 978-80-8100-113-0 
958 |a OP 
968 |a Čes  |b DT  |d 61 
999 |c 1174813  |d 1176743 
952 |a SNK  |b SNK  |y PREZ  |7 0  |p 17A0625877  |o snkSD 78412  |i snk2009/13937  |8 0  |0 0  |1 0  |4 0  |d 2009-08-03  |l 0  |r 2025-11-26 00:00:00  |w 2026-02-24 
952 |a SNK  |b SNK  |y VYP  |7 0  |p 17A0625876  |o snkSD 78412 D1  |i snk2009/13938  |8 0  |0 0  |1 0  |4 0  |d 2009-08-03  |l 0  |r 2017-06-30 00:00:00  |w 2026-02-24